| 000 | 00824nam a2200241 a 4500 | ||
|---|---|---|---|
| 005 | 20240612063955.0 | ||
| 008 | 020110s1995 mx r 000 0 spa d | ||
| 020 | _a8479600969 | ||
| 035 | _aUPN01000114496 | ||
| 049 | _aCG | ||
| 050 | 4 |
_aLB1584 _bF7.3 |
|
| 100 | 1 | _aFriera Suárez, Florencio | |
| 245 | 1 | 0 |
_aDidáctica de las ciencias sociales, geografía e historia / _cFlorencio Friera Suárez |
| 260 |
_aMadrid : _bEdiciones de la Torre, _c1995 |
||
| 300 | _a286 p. | ||
| 440 | 0 |
_aProyecto didáctico Quirón ; _v59 _pCiencias sociales |
|
| 650 | 4 |
_aCiencias sociales _xEstudio y enseñanza (Elemental) _92813 |
|
| 650 | 4 |
_aGeografía _xEstudio y enseñanza (Elemental) _92801 |
|
| 650 | 4 |
_aHistoria _xEstudio y enseñanza (Elemental) _92803 |
|
| 901 | _a176815/176816/176817 | ||
| 902 | _aBDV/cav | ||
| 905 | _aLibro | ||
| 999 |
_c88403 _d88403 |
||